00303nam a2200121Ia 4500008004100000082001700041100001900058245005600077250000900133260002300142300000800165650000800173191201s2008 xx 000 0 und d a005.131bKLF aKLIR, George J 0aFuzzy Sets and Fuzzy Logic: Theory and Applications aRep. aN.DelhibPHIc2008 a574 aMCA